All GCSE Subjects - Statistics

General Stats
  • This quiz has been taken 485 times
  • The average score is 18 of 36
Answer Stats
Subject % Correct
Maths
94%
Biology
89%
Chemistry
89%
French
89%
History
88%
English Literature
87%
Physics
87%
Spanish
86%
English Language
85%
Geography
85%
German
83%
Art and Design
79%
Moving Image Art
79%
Physical Education
76%
Religious Studies
70%
Business
61%
Design and Technology
61%
Music
59%
Drama
58%
Computer Science
51%
Science
37%
Sociology
33%
ICT
27%
Mandarin
24%
Media Studies
21%
Combined Science
19%
Welsh
14%
Irish
12%
Home Economics
11%
Hospitality
6%
Maths Numeracy
3%
Digital Technology
2%
Journalism
2%
Learning For Life and Work
2%
Modern Foreign Languages
2%
PSHE and Citizenship
1%
No matching quizzes found
Score Distribution
Percent of People with Each Score
Percentile by Number Answered
Your Score History
You have not taken this quiz